Statistics for MLB OLD LOGOS QUIZ

Click here to take the quiz!

General Stats

  • This quiz has been taken 110 times
  • The average score is 8 of 16

Answer Stats

Answer% Correct
Washington Nationals
86%
Los Angeles Angels
75%
San Francisco Giants
71%
Minnesota Twins
66%
Chicago White Sox
65%
Seattle Mariners
63%
Los Angeles Dodgers
61%
Detroit Tigers
58%
Chicago Cubs
54%
Atlanta Braves
46%
Oakland Athletics
39%
Milwaukee Brewers
36%
Baltimore Orioles
23%
Texas Rangers
23%
Pittsburgh Pirates
14%
Boston Red Sox
13%

Score Distribution

Percentile by Number Answered

Percent of People with Each Score

Your Score History

You have not taken this quiz